000 00984nam2a22002651 4500
001 RU\NLR\INFOCOMM10\1000300944
005 20250617002251.0
035 _a(NLR Aleph) 002311754
090 _a4309273
_c4309273
100 _a20041020d1988 |||y0rusy50 ca
101 0 _arus
102 _aRU
105 _ay |||||||||
200 1 _aПомилование
_fМ. Карим
210 _d1988
_aБ. м.
423 0 _12001#$aАрмянские эскизы$fПетросян В.А.
_1700#1$aПетросян$bВ.А.
_tАрмянские эскизы
_aПетросян, В.А.
461 0 _1001RU\NLR\INFOCOMM10\1000300670
_12001#$aРоман-газета$v1988, №23/24(1101/1102)
_94306815
_cМ.
_d1977-
_nХудож. лит.
_tРоман-газета
_x0131-6044
_v1988, №23/24(1101/1102)
700 1 _aКарим
_bМ.
_4070
801 1 _aRU
_bInfoComm
_c20041020
801 0 _aRU
_bNLR
_gPSBO
852 _aNLR
_jП35/504
942 _cISSUE
980 _aNB
980 _aRUSPER